[Event "FRA-chT 0102 U18"]
[Site "France"]
[Date "2001.11.??"]
[Round "1.4"]
[White "Aouizerat, Yoann"]
[Black "Delorme, Axel"]
[Result "0-1"]
[WhiteElo "1260"]
[BlackElo "1850"]
[PlyCount "58"]
[EventDate "2001.10.??"]
[EventType "team-tourn"]
[EventRounds "11"]
[EventCountry "FRA"]
[SourceTitle "EXT 2003"]
[Source "ChessBase"]
[SourceDate "2002.11.25"]
[SourceVersion "1"]
[SourceVersionDate "2002.11.25"]
[SourceQuality "1"]
[WhiteTeam "Livry Gargan"]
[BlackTeam "Sautron"]
[WhiteTeamCountry "FRA"]
[BlackTeamCountry "FRA"]

1. d4 d5 2. c4 e6 3. Nc3 Be7 4. Qc2 Nf6 5. cxd5 exd5 6. Bg5 Nc6 7. e3 Nb4 8. Qd2 Bf5 9. Rc1 a5 10. a3 Na6 11. Nge2 c6 12. Ng3 Bg6 13. Be2 Nc7 14. 0-0 h5 15. f3 h4 16. Nh1 Ne6 17. Nf2 Nxg5 18. e4 Ne6 19. Bd3 Nh5 20. exd5 Bg5 21. Qc2 Bxd3 22. Nxd3 Be3+ 23. Nf2 cxd5 24. Rcd1 Qg5 25. Ne2 Nef4 26. Nxf4 Nxf4 27. g4 hxg3 28. Rde1 gxf2+ 29. Kh1 Qg2# 0-1

[Event "FRA-chT 0102 U18"]
[Site "France"]
[Date "2001.11.??"]
[Round "3.4"]
[White "Aouizerat, Yoann"]
[Black "Marek, Constantin"]
[Result "0-1"]
[WhiteElo "1260"]
[BlackElo "1760"]
[PlyCount "56"]
[EventDate "2001.10.??"]
[EventType "team-tourn"]
[EventRounds "11"]
[EventCountry "FRA"]
[SourceTitle "EXT 2003"]
[Source "ChessBase"]
[SourceDate "2002.11.25"]
[SourceVersion "1"]
[SourceVersionDate "2002.11.25"]
[SourceQuality "1"]
[WhiteTeam "Livry Gargan"]
[BlackTeam "Paris NAO"]
[WhiteTeamCountry "FRA"]
[BlackTeamCountry "FRA"]

1. d4 Nf6 2. c4 c5 3. e3 e6 4. Nc3 cxd4 5. exd4 g6 6. Bd3 Bg7 7. Nf3 0-0 8. 0-0 d6 9. Re1 a6 10. a4 Nbd7 11. b3 b6 12. Qc2 Bb7 13. Bf4 Bxf3 14. gxf3 Nb8 15. d5 Nh5 16. Bg3 exd5 17. cxd5 Qf6 18. Be4 Qxc3 19. Qxc3 Bxc3 20. Bxd6 Rd8 21. Bc7 Rd7 22. Bxb6 Bxa1 23. d6 Rxd6 24. Bc5 Rd8 25. Bxa8 Bc3 26. Re3 Nf4 27. Kf1 Rd1+ 28. Re1 Rxe1# 0-1